000 00831nam a22002297a 4500
999 _c10558
_d10558
005 20251125232827.0
008 s2540 th tha d
020 _a9748991776
040 _aNALT
041 _atha
050 _aHF5549.5.T7 ว523ก 2540
100 0 _aวิจิตร อาวะกุล
245 1 0 _aการฝึกอบรม [2nd]
246 _a\The \\Management of traning
260 3 _aกรุงเทพฯ :
_bศูนย์หนังสือจุฬาลงกรณ์มหาวิทยาลัย,
_c2540
300 _a266 หน้า :
_b ภาพประกอบ, ตาราง ;
_c 24 ซม.
650 0 4 _aการฝึกอบรม
850 _aNALT
856 4 0 _uhttps://hdl.handle.net/20.500.14156/448484
_71
942 _cGB
_2lcc